000 00694nam a22001817a 4500
005 20250922121813.0
100 _aBanerjee, S.s.
245 _aLiquid Metal-rubber Interactions Towards Multifunctional Elastomeric Architectures For Soft Matter Engineering
260 _bInternational Rubber Conference-rubber Con 2024: Sustainable Development In Rubber Industry-challenges And Opportunities, 5-7 December 2024, Indian Rubber Institute, Kochi, India, P. 45.
_c2024
300 _bAbstract only
650 _aLiquid Metal
650 _aComposites
650 _aMultifunctional materials
650 _aSoft matter engineering
700 _aRana, D.
700 _aBanerjee, P.S.
942 _cJS
999 _c75604
_d75604